Taste berries for teens / (Record no. 3477)

MARC details
000 -LEADER
fixed length control field 00776nam a22002417a 4500
001 - CONTROL NUMBER
control field 3477
003 - CONTROL NUMBER IDENTIFIER
control field FISKH
005 - DATE AND TIME OF LATEST TRANSACTION
control field 20240312100735.0
008 - FIXED-LENGTH DATA ELEMENTS--GENERAL INFORMATION
fixed length control field 240312b cb ||||| |||| 00| 0 eng d
040 ## - CATALOGING SOURCE
Original cataloging agency FISK
Language of cataloging eng
Transcribing agency FISK
Modifying agency FISK
050 ## - LIBRARY OF CONGRESS CALL NUMBER
Classification number BJ1661.T37
082 ## - DEWEY DECIMAL CLASSIFICATION NUMBER
Classification number 248.83
100 ## - MAIN ENTRY--PERSONAL NAME
Personal name B. Youngs Bettie /
Dates associated with a name 1948-
245 ## - TITLE STATEMENT
Title Taste berries for teens /
Statement of responsibility, etc. Bettie B. Youngs
260 ## - PUBLICATION, DISTRIBUTION, ETC.
Place of publication, distribution, etc. New York :
Name of publisher, distributor, etc. Scholastic,
Date of publication, distribution, etc. 2000
300 ## - PHYSICAL DESCRIPTION
Extent 144 pages :
Dimensions 22 cm
505 ## - FORMATTED CONTENTS NOTE
Formatted contents note U
520 ## - SUMMARY, ETC.
Summary, etc. A collection of inspirational stories and poems for and by teenagers, discussing self-worth, friendship, love, attitudes, life goals, making a difference, and coping with stress.
521 8# - TARGET AUDIENCE NOTE
Target audience note 970
Source Lexile
700 ## - ADDED ENTRY--PERSONAL NAME
Personal name Bettie B. Youngs
942 ## - ADDED ENTRY ELEMENTS (KOHA)
Source of classification or shelving scheme Dewey Decimal Classification
Koha item type Books
Suppress in OPAC No
Holdings
Withdrawn status Lost status Source of classification or shelving scheme Damaged status Not for loan Collection Home library Current library Shelving location Date acquired Total Checkouts Full call number Barcode Date last seen Copy number Price effective from Koha item type
    Dewey Decimal Classification     Non-Fiction Footprints International School Library Network Toul Kork Campus Footprints International School Library Network Toul Kork Campus TTP Secondary Non-Fiction Bookshelves 03/12/2024   BYO BJ1661.T37 248.83 2024-0299 03/12/2024 1 03/12/2024 Books
    Dewey Decimal Classification     Non-Fiction Footprints International School Library Network Toul Kork Campus Footprints International School Library Network Toul Kork Campus TTP Secondary Non-Fiction Bookshelves 03/12/2024   BYO BJ1661.T37 248.83 2024-0301 03/12/2024 2 03/12/2024 Books